000 00386nam a2200133Ia 4500
008 220216s9999 xx 000 0 und d
100 _aMydin K K
245 0 _aNannooruparampara rubberinangal. 3. Nannoruparampara rubberinangalude vankida gaveshana bhalangal
260 _bRubber
_c2008
300 _a15-17
650 _aRRII 400 series clones
700 _aVarghese Y A
942 _cBS
999 _c49169
_d49169